000 00492nam a2200181Ia 4500
001 23785
005 20260414151000.0
008 260414t2009||||xx |||||||||||||| ||spa||
041 _aESP
082 _a709.04
_bH39
100 _aHenríquez Inclán, Raúl Rafael
_eAUT
245 0 _aArte contemporáneo :
_barquitectura y corrientes estilísticas en el arte moderno
260 _c2009
300 _a202 páginas :
_c26 cm.
650 _aABD
654 _aCAU
942 _cLIB
_dJUS
_fJUS
_2ddc
_n
999 _c23785
_d23785